La Lluita antivenèria a Catalunya el bieni 1935-1936 / pel Dr. Antoni Peyrí...
Descripción Física:
49 p. : il. ; 24 cm
Otros Autores:
Catalunya. Departament de Sanitat
MARC
| LEADER | 00000nam a2200000Ia 4500 | ||
|---|---|---|---|
| 001 | 8250 | ||
| 008 | 160829s9999 xx 000 0 cat d | ||
| 080 | |a RF-6-12 | ||
| 100 | |a Peyrí, Antoni |9 28181 | ||
| 245 | |a La Lluita antivenèria a Catalunya el bieni 1935-1936 / pel Dr. Antoni Peyrí... | ||
| 260 | |a Barcelona : |b Generalitat de Catalunya, Departament de Sanitat, [1936?] | ||
| 300 | |a 49 p. : |b il. ; |c 24 cm | ||
| 650 | |a Malalties de transmissió sexual |x Prevenció |x Catalunya |x 1935/1936 |9 28182 | ||
| 700 | |a Catalunya. Departament de Sanitat |9 28183 | ||
| 856 | 4 | |u https://media.diba.cat/diba/fitxers/arxiu/fulletons/bib_8250_1936_baixa.pdf |y Accés lliure | |
| 856 | 4 | |u https://media.diba.cat/diba/fitxers/arxiu/fulletons/bib_8250_1936_baixa.pdf |y Accés lliure | |
| 901 | |a Arxiu | ||
| 942 | |n 1 |2 udc | ||
| 952 | |0 0 |1 0 |4 0 |6 RF612 |7 1 |9 44710 |a Arxiu |b Arxiu |d 2016-12-01 |l 0 |o RF-6-12 |p 8250 |r 2016-12-01 00:00:00 |w 2016-12-01 |y ARXIU | ||
| 999 | |c 47291 |d 47291 | ||
| 900 | |a bib_8250_1936_baixa.pdf | ||